02068cam a2200373 a 4500003000900000005001700009008004100026040002800067041000800095049001300103097000900116099003100125100003700156245019500193246014900388260005600537300004300593502012300636520039800759530002201157653001901179653003301198653002801231700003401259700003801293700003001331856003301361905002101394905001901415942001201434999001701446952010801463952012301571EG-GiCUC20250223030741.0130120s2012 ua dh f m 000 0 eng d aEG-GiCUCbengcEG-GiCUC0 aeng aDeposite aPh.D aCai01.24.12.Ph.D.2012.Ab.U0 aAbeer Mohamed Salah Eldin Khalil10aUtilization of nanopartilces for nonlinear optical materials to be used in photonic devices / cAbeer Mohamed Salah Eldin Khalil ; Supervised Yehia Badr , Salah Hasab Elnabi , Iftitan Azzouz15aإستخدام الجسيمات النانومترية كمواد لاخطية لإستخدامها فى الأجهزة الفوتونية aCairo : bAbeer Mohamed Salah Eldin Khalil , c2012 a168P. : bcharts , facsimiles ; c25cm aThesis (Ph.D.) - Cairo University - National Institute of Laser Enhanced - Department of Laser Science and Interaction aNano - photonics are an exciting area of research which may find tremendous technological applications by tuning the optical properties of nanoparticles (NPs) via tailoring their size , shapes and composition to suit any application . In this work , preparations and characterization of differtent NPs of different sizes and forms , such as solution , composite and thin films were carried out aIssued also as CD 4aNanopartilces  4aNonlinear optical materials  4aOpen - aperture Z scan 0 aIftitan Azzouz , eSupervisor0 aSalah Hasab Elnabi , eSupervisor0 aYehia Badr , eSupervisor uhttp://172.23.153.220/th.pdf aFatmaeCataloger aNazlaeRevisor 2ddccTH c41168d41168 2ddc70aCUCLbcl210d2024-02-11oCai01.24.12.Ph.D.2012.Ab.Up01010110059314000r2023-09-22 00:00:00yTH 2ddc70aCUCLbcl2u8d2024-02-11oCai01.24.12.Ph.D.2012.Ab.Up01020110059314000r2023-09-22 00:00:00t59314.CD yCD